| 000 | 00483nam a22001697a 4500 | ||
|---|---|---|---|
| 003 | BD-ChCU | ||
| 005 | 20251127112854.0 | ||
| 008 | 251127b ii ||||| |||| 00| 0 eng d | ||
| 040 | _cBD-ChCU | ||
| 082 |
_222 _a355.0954 SHI |
||
| 100 |
_aDas, Shiva Tosh _917040 |
||
| 245 |
_aIndian military its history and development / _cShiva Tosh Das |
||
| 260 |
_aNew Delhi : _bSagar Pub, _c1969 |
||
| 300 | _ax,276p. | ||
| 650 | 0 |
_aMilitary history - Indian _917041 |
|
| 942 |
_2ddc _cBK _n0 |
||
| 999 |
_c109902 _d109902 |
||